Leibnizovské inšpirácie v Kantovom chápaní logiky

Kantova koncepcia logiky na pozadí historického vývoja s prihliadnutím na Leibnizovské vplyvy.

Uložené v:
Podrobná bibliografia
Hlavný autor: Andreánsky, Eugen
Médium: Kapitola
Jazyk:Slovak
Predmet:
Tagy: Pridať tag
Žiadne tagy, Buďte prvý, kto otaguje tento záznam!

MARC

LEADER 00000naa a2200000 4500
001 0248790
005 20181112121517.1
041 0 |a slo 
044 |a SK 
245 1 0 |a Leibnizovské inšpirácie v Kantovom chápaní logiky  |c Eugen Andreánsky 
520 |a Kantova koncepcia logiky na pozadí historického vývoja s prihliadnutím na Leibnizovské vplyvy. 
610 2 0 |a logika 
610 2 0 |a Leibniz 
610 2 0 |a Kantova logika 
610 2 0 |a história 
610 2 0 |a filozofia 
610 2 0 |a vývoj sociálny 
100 1 |a Andreánsky, Eugen